000 00465nam a2200145 i 4500
001 60449
003 ES-MaACL
007 t|
008 031104s1976 sp ||||1| spa d
245 0 0 _aEste problema llamado Aragón
_b: 3ª Semana Aragonesa.
260 _aZaragoza :
_bSeminario de Estudios Aragoneses,
_c1976.
300 _a190 p., 2 lám. :
_bil. ;
_c22 cm.
710 2 _aSeminario de Estudios Aragoneses (Zaragoza)
_96550
852 _aES-MaACL
_jE-9940
_bR.94436
999 _c60449
_d60449